<?xml version="1.0" encoding="UTF-8"?>
<record
    xmlns:xsi="http://www.w3.org/2001/XMLSchema-instance"
    xsi:schemaLocation="http://www.loc.gov/MARC21/slim http://www.loc.gov/standards/marcxml/schema/MARC21slim.xsd"
    xmlns="http://www.loc.gov/MARC21/slim">

  <leader>00432nam a2200157Ia 4500</leader>
  <controlfield tag="008">230125s9999    xx            000 0 und d</controlfield>
  <datafield tag="020" ind1=" " ind2=" ">
    <subfield code="a">81-7492-117-6</subfield>
  </datafield>
  <datafield tag="041" ind1=" " ind2=" ">
    <subfield code="a">eng</subfield>
  </datafield>
  <datafield tag="082" ind1=" " ind2=" ">
    <subfield code="a">658.5</subfield>
    <subfield code="b">AMB</subfield>
  </datafield>
  <datafield tag="100" ind1=" " ind2=" ">
    <subfield code="a">Ambade, V.</subfield>
    <subfield code="9">116074</subfield>
  </datafield>
  <datafield tag="245" ind1=" " ind2=" ">
    <subfield code="a">Utpadakta Vadh</subfield>
    <subfield code="b">Tantra Aani Mantra Bhag- 1, 2 &amp; 3</subfield>
  </datafield>
  <datafield tag="260" ind1=" " ind2=" ">
    <subfield code="c">2014</subfield>
    <subfield code="b">Madhuraj publications</subfield>
    <subfield code="a">Pune</subfield>
  </datafield>
  <datafield tag="300" ind1=" " ind2=" ">
    <subfield code="a">54p</subfield>
  </datafield>
  <datafield tag="440" ind1=" " ind2=" ">
    <subfield code="v">1</subfield>
  </datafield>
  <datafield tag="700" ind1=" " ind2=" ">
    <subfield code="a">Ambade, V. &amp; Vasant Ambade, Donor</subfield>
    <subfield code="9">116075</subfield>
  </datafield>
  <datafield tag="999" ind1=" " ind2=" ">
    <subfield code="c">93765</subfield>
    <subfield code="d">93765</subfield>
  </datafield>
  <datafield tag="952" ind1=" " ind2=" ">
    <subfield code="0">0</subfield>
    <subfield code="1">0</subfield>
    <subfield code="4">0</subfield>
    <subfield code="7">0</subfield>
    <subfield code="a">HIMR</subfield>
    <subfield code="b">HIMR</subfield>
    <subfield code="d">2015-09-14</subfield>
    <subfield code="e">Donated Book- Outside Donar</subfield>
    <subfield code="g">40.00</subfield>
    <subfield code="o">658.5 AMB DB2210</subfield>
    <subfield code="p">HIMR-DB-2210</subfield>
    <subfield code="r">2023-01-25 00:00:00</subfield>
    <subfield code="v">40.00</subfield>
    <subfield code="w">2023-01-25</subfield>
    <subfield code="y">DB</subfield>
    <subfield code="z">DB2210</subfield>
  </datafield>
  <datafield tag="952" ind1=" " ind2=" ">
    <subfield code="0">2</subfield>
    <subfield code="1">0</subfield>
    <subfield code="4">0</subfield>
    <subfield code="7">0</subfield>
    <subfield code="a">HIMR</subfield>
    <subfield code="b">HIMR</subfield>
    <subfield code="d">2015-09-14</subfield>
    <subfield code="e">Donated Book- Outside Donar</subfield>
    <subfield code="g">40.00</subfield>
    <subfield code="o">658.5 AMB DB2211</subfield>
    <subfield code="p">HIMR-DB-2211</subfield>
    <subfield code="r">2023-01-25 00:00:00</subfield>
    <subfield code="v">40.00</subfield>
    <subfield code="w">2023-01-25</subfield>
    <subfield code="y">DB</subfield>
    <subfield code="z">DB2211</subfield>
  </datafield>
  <datafield tag="952" ind1=" " ind2=" ">
    <subfield code="0">2</subfield>
    <subfield code="1">0</subfield>
    <subfield code="4">0</subfield>
    <subfield code="7">0</subfield>
    <subfield code="a">HIMR</subfield>
    <subfield code="b">HIMR</subfield>
    <subfield code="d">2015-09-14</subfield>
    <subfield code="e">Donated Book- Outside Donar</subfield>
    <subfield code="g">40.00</subfield>
    <subfield code="o">658.5 AMB DB2212</subfield>
    <subfield code="p">HIMR-DB-2212</subfield>
    <subfield code="r">2023-01-25 00:00:00</subfield>
    <subfield code="v">40.00</subfield>
    <subfield code="w">2023-01-25</subfield>
    <subfield code="y">DB</subfield>
    <subfield code="z">DB2212</subfield>
  </datafield>
  <datafield tag="952" ind1=" " ind2=" ">
    <subfield code="0">2</subfield>
    <subfield code="1">0</subfield>
    <subfield code="4">0</subfield>
    <subfield code="7">0</subfield>
    <subfield code="a">HIMR</subfield>
    <subfield code="b">HIMR</subfield>
    <subfield code="d">2015-09-14</subfield>
    <subfield code="e">Donated Book- Outside Donar</subfield>
    <subfield code="g">40.00</subfield>
    <subfield code="o">658.5 AMB DB2213</subfield>
    <subfield code="p">HIMR-DB-2213</subfield>
    <subfield code="r">2023-01-25 00:00:00</subfield>
    <subfield code="v">40.00</subfield>
    <subfield code="w">2023-01-25</subfield>
    <subfield code="y">DB</subfield>
    <subfield code="z">DB2213</subfield>
  </datafield>
  <datafield tag="952" ind1=" " ind2=" ">
    <subfield code="0">2</subfield>
    <subfield code="1">0</subfield>
    <subfield code="4">0</subfield>
    <subfield code="7">0</subfield>
    <subfield code="a">HIMR</subfield>
    <subfield code="b">HIMR</subfield>
    <subfield code="d">2015-09-14</subfield>
    <subfield code="e">Donated Book- Outside Donar</subfield>
    <subfield code="g">40.00</subfield>
    <subfield code="o">658.5 AMB DB2214</subfield>
    <subfield code="p">HIMR-DB-2214</subfield>
    <subfield code="r">2023-01-25 00:00:00</subfield>
    <subfield code="v">40.00</subfield>
    <subfield code="w">2023-01-25</subfield>
    <subfield code="y">DB</subfield>
    <subfield code="z">DB2214</subfield>
  </datafield>
  <datafield tag="952" ind1=" " ind2=" ">
    <subfield code="0">2</subfield>
    <subfield code="1">0</subfield>
    <subfield code="4">0</subfield>
    <subfield code="7">0</subfield>
    <subfield code="a">HIMR</subfield>
    <subfield code="b">HIMR</subfield>
    <subfield code="d">2015-09-14</subfield>
    <subfield code="e">Donated Book- Outside Donar</subfield>
    <subfield code="g">40.00</subfield>
    <subfield code="o">658.5 AMB DB2215</subfield>
    <subfield code="p">HIMR-DB-2215</subfield>
    <subfield code="r">2023-01-25 00:00:00</subfield>
    <subfield code="v">40.00</subfield>
    <subfield code="w">2023-01-25</subfield>
    <subfield code="y">DB</subfield>
    <subfield code="z">DB2215</subfield>
  </datafield>
</record>
